000 01260nam a2200265Ia 4500
999 _c55950
_d55950
001 23049
003 GE_BSU
005 20230630144948.0
008 181216s1964||||ge |||||||||||||| ||geo||
040 _cGE_BSU
041 _ageo
080 _a821.112.2-31 ბ-69
100 _aბიოლი, ჰაინრიჰ
_919116
245 _aდა არ უთქვამს არც ერთი სიტყვა... :
_bრომანი ; მოთხრობები
_cთარგმ. გერმ. და წინასიტყვ. ნ. რუხაძისა ; რედ. ი.ლეჟავა ; მხატვ. დ.დუნდუა.
264 _aთბილისი :
_bლიტერატურა და ხელოვნება,
_c1964.
300 _a355 გვ. ;
_c22 სმ.
541 _h2ლ.60თ.
653 _aდა არ უთქვამს არც ერთი სიტყვა...
653 _aრომანი
653 _aმოთხრობები
653 _aმხატვრული ლიტერატურა
700 _aლეჟავა, ი.
_eრედაქტორი
_919117
700 _aდუნდუა, დ.
_eმხატვარი
_94812
942 _cBK
_2udc